Statistics for 2020 F1 Grid

Click here to take the quiz!

General Stats

  • This quiz has been taken 10 times
  • The average score is 22 of 23

Answer Stats

NationTeamDriver% Correct
THRed BullAlbon
100%
FLMercedesBottas
100%
FRAlpha TauriGasly
100%
GBMercedesHamilton
100%
CAWilliamsLatifi
100%
MNFerrariLeclerc
100%
DNHaasMagnussen
100%
GBMcLarenNorris
100%
FRRenaultOcon
100%
MXRacing PointPerez
100%
FLAlfa RomeoRäikkönen
100%
AURenaultRicciardo
100%
GBWilliams/MercedesRussell
100%
ESMcLarenSainz
100%
CARacing PointStroll
100%
NLRed BullVerstappen
100%
DEFerrariVettel
100%
GBWilliamsAitken
89%
BRHaasFittipaldi
89%
FRHaasGrosjean
89%
DERacing PointHulkenburg
89%
RUAlpha TauriKvyat
89%
ITAlfa RomeoGiovinazzi
78%

Score Distribution

Percentile by Number Answered

Percent of People with Each Score

Your Score History

You have not taken this quiz